| 000 | 00522nam a2200169 4500 | ||
|---|---|---|---|
| 001 | 122991 | ||
| 003 | ES-MaACL | ||
| 005 | 20231110184526.0 | ||
| 007 | t| | ||
| 008 | 070214s1976 sp r ||||0| spa d | ||
| 245 | 0 | 0 |
_aProsa romántica de crítica y creación _b: antología / _cselección y estudio de José Mª Balcells. |
| 260 |
_aTarragona : _bTarraco, _c1976. |
||
| 300 |
_a280 p ; _c19 cm. |
||
| 700 | 1 |
_aBalcells, José María, _d1943- _924862 |
|
| 852 |
_aES-MaACL _jA-9654 _bR.98851 |
||
| 999 |
_c122991 _d122991 |
||